Los menores de edad en el juego de la mediacin̤

Detalles Bibliográficos
Autor principal: Coello Pulido, ℓngela
Formato: eBook
Lenguaje:español
Publicado: Barcelona: J.M. Bosch Editor, 2017
Materias:
Acceso en línea:Acceso restringido

MARC

LEADER 00000nam a22000007a 4500
005 20190328110958.0
007 cr|||| ||||
008 190328s2017 es |||||s|||| 00||0 spa d
020 |a 978-84-946829-5-7 
035 |a 23213 
040 |a vLex 
090 |c 8508  |d 8508 
100 1 |a Coello Pulido, ℓngela 
245 1 3 |a Los menores de edad en el juego de la mediacin̤  |h [Recurso electrn̤ico] /  |c ℓngela Coello Pulido 
256 |a Servicio en ln̕ea 
260 |a Barcelona:  |b J.M. Bosch Editor,  |c 2017 
300 |a 1 recurso electrn̤ico 
506 1 |a Disponible solo en los productos indicados  |d vLex Global  |d vLex Global (Academic Edition, excluding Law Schools)  |d vLex Global (U.S. Academic Edition, Law Schools)  |d vLex Global (U.S. Academic Edition, excluding Law Schools)  |d vLex Global (Academic Edition, Law Schools) 
650 0 4 |a Derecho Procesal  |z Espaą 
740 0 |a vLex Libros (Servicio en ln̕ea) 
856 4 0 |u http://vlex.com/source/menores-edad-juego-mediacion-23213  |z Acceso restringido 
942 |c BOOK 
999 0 |a Procedural law